Myslieť posudkovo znamená myslieť v prospech človeka
Koncepcia sociálnej pomoci ľuďom so zdravotným postihnutím a tvorba nového posudkového modelu. Vzťah pojmov zdravie, choroba, zdravotné postihnutie. Medzinárodná klasifikácia porúch, disaptibility a handicapu. Nové pojmy v zákone o sociálnej pomoci. Oblasti kompenzácie zo strany spoločnosti prostred...
Saved in:
| Main Author: | |
|---|---|
| Format: | Book Chapter |
| Language: | Slovak |
| Subjects: | |
| Tags: |
No Tags, Be the first to tag this record!
|
MARC
| LEADER | 00000naa a2200000 4500 | ||
|---|---|---|---|
| 001 | r039142 | ||
| 005 | 20230913071159.2 | ||
| 041 | 0 | |a slo | |
| 044 | |a CZ | ||
| 245 | 1 | 0 | |a Myslieť posudkovo znamená myslieť v prospech človeka |c Kvetoslava Repková |
| 520 | |a Koncepcia sociálnej pomoci ľuďom so zdravotným postihnutím a tvorba nového posudkového modelu. Vzťah pojmov zdravie, choroba, zdravotné postihnutie. Medzinárodná klasifikácia porúch, disaptibility a handicapu. Nové pojmy v zákone o sociálnej pomoci. Oblasti kompenzácie zo strany spoločnosti prostredníctvom systému sociálnej pomoci. | ||
| 610 | 2 | 0 | |a pomoc sociálna |
| 610 | 2 | 0 | |a invalidi |
| 610 | 2 | 0 | |a zdravie |
| 610 | 2 | 0 | |a posudky lekárske |
| 100 | 1 | |a Repková, Kvetoslava | |